One piece quiz #3 - Statistiques

Statistiques générales
  • Ce quiz a été pris 242 fois
    240 depuis la dernière actualisation
  • Le résultat moyen est 10 sur 15
Statistiques - réponses
Question Réponse % Correct
Comment s'appelle le fils du colonelle Morgan ? Hermep
96%
Quel est l’ennemi que Luffy bat en 1 coup ? Bellamy
93%
En tout combien y'a t'il eu d' Empereur ? 7
85%
Comment s'appelle le 2ème train des mers ? Rocketman
85%
Combien y'a t'il de flotte dans l'équipage de barbe blanche ? 16
81%
Quel est le commandent de la 16ème flotte de barbe blanche ? Izo
74%
Comment s'appelle le train des mers ? Puffing Tom
74%
Quel ennemie Luffy combat t'il pour avoir sa première prime ? Arlong
70%
Quelle est la première prime de Zoro ? 60 millions
59%
Comment s'appelle le commandent de la flotte Yonta Maria ? Orlumbus
56%
En tout combien Luffy a t'il eu de prime ? 7
52%
Don Sai fait part de quelle Marine ? La marine des 8 trésor
52%
Et tout combien y'a t'il eu de grand corsaires ? 11
48%
Dans l'arc Alabasta combien y a t'il de Mr que nous connaissons ? 11
37%
Dans quel arc Sanji a une prime supérieur à Zoro ? Pays des Wa
22%
Aucun quiz correspondant
Distribution des résultats
% des personnes avec chaque résultat
Percentile par nombre de réponses
Votre historique - résultats
Vous n’avez pas pris ce quiz depuis la dernière actualisation